| Tag |
First Indicator |
Second Indicator |
Subfields |
| LEADER |
00000cam a22000001 4500 |
| 001 |
in00000063076 |
| 005 |
20151008051137.0 |
| 008 |
790925s1954 utua 00000 eng |
| 010 |
|
|
|a 54003502
|
| 035 |
|
|
|a (OCoLC)05545065
|
| 035 |
|
|
|9 AAG6017AM
|
| 040 |
|
|
|a DLC
|c DLC
|d TXA
|d UtOrBLW
|
| 043 |
|
|
|a a-ja---
|
| 049 |
|
|
|a TXAM
|c [349616]
|
| 050 |
0 |
0 |
|a DS895.T33
|b N6 1954
|
| 082 |
0 |
|
|a 309.1/52/1
|
| 092 |
|
|
|a 309.152
|b N822t
|
| 100 |
1 |
|
|a Norbeck, Edward,
|d 1915-1991.
|
| 245 |
1 |
0 |
|a Takashima :
|b a Japanese fishing community.
|
| 264 |
|
1 |
|a Salt Lake City :
|b University of Utah Press,
|c 1954.
|
| 300 |
|
|
|a 231 pages :
|b illustrations ;
|c 24 cm.
|
| 336 |
|
|
|a text
|b txt
|2 rdacontent
|
| 337 |
|
|
|a unmediated
|b n
|2 rdamedia
|
| 338 |
|
|
|a volume
|b nc
|2 rdacarrier
|
| 500 |
|
|
|a Issued also as thesis, University of Michigan, in microfilm form, under title: Takashima, a fishing community of Japan.
|
| 651 |
|
0 |
|a Takashima Island, Japan (Okayama Prefecture: Kojima City)
|
| 999 |
|
|
|a MARS
|
| 999 |
f |
f |
|s 0c8ec89a-3810-305c-b53d-1b537000bc3a
|i 81e3f3aa-2bf9-3a33-bfbf-ee36e0a7849b
|t 0
|
| 952 |
f |
f |
|p ric
|a Texas A&M University
|b Rellis Campus
|c Joint Library Facility
|d Remote Storage
|t 0
|e DS895.T33 N6 1954
|h Library of Congress classification
|i unmediated -- volume
|m A14800649055
|
| 998 |
f |
f |
|a DS895.T33 N6 1954
|t 0
|l Remote Storage
|